000 00378nam a2200133Ia 4500
008 151001s9999||||xx |||||||||||||| ||und||
100 _aअण्णा बोदडे
245 _aमहाराष्ट्राचे मुख्यमंत्री
250 _a1
260 _bआविष्कार
260 _c2002
300 _a40
365 _b21
999 _c980505
_d980502